Ley general de urbanismo y construcciones: sistemas de subsidio habitacional y de créditos para la vivienda

Guardat en:
Dades bibliogràfiques
Autors principals: Brieva Alvarado, Amador (Autor), Bastías Romo, Lionel (Autor)
Format: Llibre
Idioma:espanyol
Publicat: Santiago Jurídica de Chile 1988
Col·lecció:Textos Legales, 44
Matèries:
Etiquetes: Afegir etiqueta
Sense etiquetes, Sigues el primer a etiquetar aquest registre!

MARC

LEADER 00000nam a2200000 a 4500
001 UCV0557
003 CL-VaPUC
008 881021e19880000CL |||||||||||||||||spa|d
082 0 4 |a 346.83044  |b BRI  |2 21 
100 0 |a Brieva Alvarado, Amador  |e author  |9 295015 
700 0 |a Bastías Romo, Lionel  |e author  |9 295016 
245 1 0 |a Ley general de urbanismo y construcciones: sistemas de subsidio habitacional y de créditos para la vivienda 
300 |a 391 p 
942 |c BK 
945 |d 19881021 00:00:00 
260 |a Santiago  |b Jurídica de Chile  |c 1988 
500 |a Texto actualizado al 30 de junio de 1988 
650 0 |a Urbanismo  |9 255208 
650 0 |a Derecho y legislación   |9 255077 
650 0 |a Viviendas   |9 255326 
650 7 |a SUBSIDIOS HABITACIONALES  |2 CL-VaPUC  |9 255327 
651 7 |a CHILE  |2 CL-VaPUC  |9 295017 
583 |a last modification  |c 19881021 00:00:00  |k Rodrigo Vera 
490 0 |a Textos Legales, 44 
999 |c 208950  |d 208948 
952 |0 0  |1 0  |4 0  |6 346_830440000000000_BRI_1988  |7 0  |8 A  |9 183981  |a BIBDER  |b BIBDER  |d 2019-11-14  |i 2509512  |o 346.83044 BRI 1988  |p 2509512  |r 2019-11-14  |w 2019-11-14  |y BK  |k DER